|
|
|
|
| LEADER |
03830nam a22004935i 4500 |
| 001 |
978-3-319-44076-7 |
| 003 |
DE-He213 |
| 005 |
20161203113849.0 |
| 007 |
cr nn 008mamaa |
| 008 |
161203s2017 gw | s |||| 0|eng d |
| 020 |
|
|
|a 9783319440767
|9 978-3-319-44076-7
|
| 024 |
7 |
|
|a 10.1007/978-3-319-44076-7
|2 doi
|
| 040 |
|
|
|d GrThAP
|
| 050 |
|
4 |
|a HB1-846.8
|
| 072 |
|
7 |
|a KCA
|2 bicssc
|
| 072 |
|
7 |
|a BUS069030
|2 bisacsh
|
| 082 |
0 |
4 |
|a 330.1
|2 23
|
| 245 |
1 |
0 |
|a Sunspots and Non-Linear Dynamics
|h [electronic resource] :
|b Essays in Honor of Jean-Michel Grandmont /
|c edited by Kazuo Nishimura, Alain Venditti, Nicholas C. Yannelis.
|
| 264 |
|
1 |
|a Cham :
|b Springer International Publishing :
|b Imprint: Springer,
|c 2017.
|
| 300 |
|
|
|a VI, 409 p. 62 illus., 28 illus. in color.
|b online resource.
|
| 336 |
|
|
|a text
|b txt
|2 rdacontent
|
| 337 |
|
|
|a computer
|b c
|2 rdamedia
|
| 338 |
|
|
|a online resource
|b cr
|2 rdacarrier
|
| 347 |
|
|
|a text file
|b PDF
|2 rda
|
| 490 |
1 |
|
|a Studies in Economic Theory,
|x 1431-8849 ;
|v 31
|
| 505 |
0 |
|
|a I. Self-fulfilling Expectations and Sunspots -- Assessing the Local Stability Properties of Discrete Three-Dimensional Dynamical Systems: a Geometrical Approach with Triangles and Planes & an Application with some Cones -- From Sunspots to Black Holes: Singular Dynamics in Macroeconomic Models -- Sunspot Fluctuations in Two-Sector Models with Variable Income Effects -- A Survey on Self-Fulfilling Mistakes -- Regime-Switching Sunspot Equilibria in a One-Sector Growth Model with Aggregate Decreasing Returns and Small Externalities -- Equilibrium Dynamics in a Two-Sector OLG Model with Liquidity Constraint -- Sunspots and Homoclinic Bifurcations in Continuous-Time Endogenous Growth Models -- II. Bubbles and Stabilizing Policy -- Rational Land and Housing Bubbles in Infinite-Horizon Economies -- The Stabilizing Virtues of Monetary Policy on Endogenous Bubble Fluctuations -- Can Consumption Taxes Stabilize the Economy in the Presence of Consumption Externalities? -- III. Growth -- Uncertainty and Sentiment-Driven Equilibria -- Technological Progress, Employment and the Lifetime of Capital -- Nonbalanced Growth in a Neoclassical Two-sector Optimal Growth Model -- IV. General Equilibrium -- An Argument for Positive Nominal Interest -- Winners and Losers from Price-Level Volatility: Money Taxation and Information Frictions -- A Note on Information, Trade and Common Knowledge.
|
| 520 |
|
|
|a This book presents the state-of-the-art in non-linear dynamics and sunspots. These two topics have been the core of an international conference on instability and public policies in a globalized world, organized at Aix-Marseille School of Economics and GREQAM in honor of Jean-Michel Grandmont. He has made significant contributions on general equilibrium theory, monetary theory, learning, aggregation, non-linear dynamics and sunspots. This book assembles contributions by Jean-Michel Grandmont's colleagues, students and friends that have been influenced by his works and that are at the frontier of research in this domain today.
|
| 650 |
|
0 |
|a Game theory.
|
| 650 |
|
0 |
|a Economic theory.
|
| 650 |
|
0 |
|a Economic growth.
|
| 650 |
1 |
4 |
|a Economics.
|
| 650 |
2 |
4 |
|a Economic Theory/Quantitative Economics/Mathematical Methods.
|
| 650 |
2 |
4 |
|a Game Theory, Economics, Social and Behav. Sciences.
|
| 650 |
2 |
4 |
|a Economic Growth.
|
| 700 |
1 |
|
|a Nishimura, Kazuo.
|e editor.
|
| 700 |
1 |
|
|a Venditti, Alain.
|e editor.
|
| 700 |
1 |
|
|a Yannelis, Nicholas C.
|e editor.
|
| 710 |
2 |
|
|a SpringerLink (Online service)
|
| 773 |
0 |
|
|t Springer eBooks
|
| 776 |
0 |
8 |
|i Printed edition:
|z 9783319440743
|
| 830 |
|
0 |
|a Studies in Economic Theory,
|x 1431-8849 ;
|v 31
|
| 856 |
4 |
0 |
|u http://dx.doi.org/10.1007/978-3-319-44076-7
|z Full Text via HEAL-Link
|
| 912 |
|
|
|a ZDB-2-ECF
|
| 950 |
|
|
|a Economics and Finance (Springer-41170)
|